| 000 | 00000nam##2200000za#4500 |
| 001 | 9.530101 |
| 003 | CaOODSP |
| 005 | 20200331230035 |
| 007 | ta |
| 008 | 150406|1998||||xxc||||| f|0| 0 fre|d |
| 020 | |a0-662-63378-4 |
| 040 | |aCaOODSP|bfre |
| 041 | |aeng |
| 041 | |afre |
| 043 | |an-cn--- |
| 086 | 1 |aC21-24/19-1998 |
| 110 | 1 |aCanada.|bIndustrie Canada. |bDirection de l'analyse micro-économique. |
| 245 | 10|aRetombées de la R-D entre industries et en provenance des États-Unis, production industrielle et croissance de la productivité au Canada / |cpar Jeffrey I. Bernstein. |
| 260 | |aOttawa - Ontario : |bIndustrie Canada. |c1998. |
| 300 | |aTexte français, iii, 32p. : |bgraphiques, tableaux ; |c28 cm. |
| 490 | 1 |aDocuments de travail|v19 |
| 500 | |a«Notre étude vise à examiner la portée des retombées intersectorielles et intrasectorielles de la R-D entre les industries canadiennes et américaines et à déterminer les effets de ces retombées sur les coûts de production, l'intensité en facteurs (la quantité de facteurs par unité de production) et la croissance de la productivité.»--Résumé. |
| 504 | |aBibliographie. |
| 520 | 3 |aNotre étude vise à examiner la portée des retombées intersectorielles et intrasectorielles de la R-D entre les industries canadiennes et américaines et à déterminer les effets de ces retombées sur les coûts de production, l'intensité en facteurs (la quantité de facteurs par unité de production) et la croissance de la productivité.--Résumé |
| 546 | |aBilingue |
| 563 | |aCouverture souple |
| 590 | |a98-11|b1998-03-13 |
| 691 | 07|aProductivité industrielle|2gcpds |
| 720 | 1 |aBernstein, Jeffrey I. |
| 776 | 0#|tInter-industry and U.S. R&D spillovers, Canadian industrial production and productivity growth / |w(CaOODSP)9.570582 |
| 776 | 0#|tRetombées de la R-D entre industries et en provenance des États-Unis, production industrielle et croissance de la productivité au Canada / |w(CaOODSP)9.601231 |
| 791 | |tInter-industry and U.S. R&D spillovers, Canadian industrial production and productivity growth / |eeng|w(CaOODSP)9.530100 |
| 830 | #0|aDocuments de travail ;|v19|w(CaOODSP)9.509053 |